Titres de dirigeants n°2 - Statistiques

Statistiques générales
  • Ce quiz a été pris 410 fois
  • Le résultat moyen est 10 sur 13
Statistiques - réponses
La description Titre % Correct
Représentant de l'autorité municipale, chef d'une ville etc. Maire
97%
Équivalent féminin, souverain souverain ou femme ci-dessus ^ Reine
95%
Le plus haut rang dans l'ordre féodal (rex en latin) Roi
95%
Leader des Etats républicains, chef de l'Etat dans la plupart des républiques President
94%
Chef de l'Église catholique romaine Pape
93%
Titre du leader de l'Allemagne nazie Führer
89%
Souverain souverain d'un réel impérial, par exemple le Japon Empereur
84%
L'équivalent féminin ou un conjoint de ce qui précède ^ impératrice
81%
Titre du souverain du Luxembourg Grand-duc
71%
Équivalent féminin, ou femme ci-dessus ^ Grande-duchesse
71%
Titre des monarques de Perse (et Afghanistan) Chah
48%
Titre impérial dans la Rome antique depuis ~AD 68 César
45%
Titre de dirigeant monarchique en Inde. f.ex. Jammu and Kashmir Raja ou Maharaja
24%
Aucun quiz correspondant
Distribution des résultats
% des personnes avec chaque résultat
Percentile par nombre de réponses
Votre historique - résultats
Vous n’avez pas pris ce quiz